000 00321nam a22001337a 4500
008 181001b xxu||||| |||| 00| 0 eng d
020 _a9780276425882
041 _aeng
080 _a004
100 _a37
101 _aSHK
245 _aHow Just About Anything In Microsoft Word
_cLauer.E
942 _2udc
_cBK
999 _c48726
_d48726